000 00651nam a22002057a 4500
999 _c9911
_d9911
003 AR-CdUCM
008 190328b ||||| |||| 00| 0 spa d
040 _aMUNICIPALIDAD PROVINCIAL DEL CUSCO
_cBIBLIOTECA MUNICIPAL DEL CUSCO
082 _a869.43 /
_bS71
100 _aSotomayor, Luis
_926446
245 _aAgua Alta /
260 _aChile :
_bImprenta Encuadernacion "Artistica" ,
_c1937.
300 _a10 páginas ;
_c19 cm.
500 _aContiene una dedicatoria a Luis Nieto.
650 _aPoesia Latinoamericana
_92147
650 _aPoesia Chilena
_95520
650 _aPoesia Moderna
_924656
942 _2ddc
_cLIBROS
945 _apjha
_d2019-05-14